000 00514cam a22001932 4500
001 0000001059
005 20170406113108.0
008 131125s xx 000 0 eng d
020 _c$
040 _aYour Holding Symbol
_cYour Holding Symbol
100 1 _aAdler.J Philip.
245 1 0 _aWorld civilizations.
250 _a ed.
260 _anew york :
_bweat publishing company,
_c1996.
300 _a335 p. :
_bill ;
_c cm.
504 _aindex.
650 0 _acivilization.
908 _a131125
999 _c977
_d977